000 00632nam a2200157 i 4500
001 56779
003 ES-MaACL
005 20230906163437.0
007 t|
008 031013s1946 sp ||||1| spa d
100 1 _aDiego Carro, Venancio.
_944556
245 1 4 _aLos criminales de guerra según los teólogos-juristas españoles
_b: conferencia pronunciada el día 23 de marzo de 1946 en la Asociación y Academia de Santo Tomás de Aquino de Valladolid /
_cVenancio Diego Carro.
260 _aValladolid :
_b[s.n.,
_c1946] (
_fImp. Provincial)
300 _a34 p. :
_b1 retr. aut. ;
_c21 cm.
852 _aES-MaACL
_j1860-F-18
_bR.23459
999 _c56779
_d56779